All Nickelodeon Sitcoms - Statistics

General Stats
  • This quiz has been taken 67 times
  • The average score is 13 of 57
Answer Stats
Hint Answer % Correct
2007-2012 iCarly
94%
2010-2013 Victorious
88%
2014-2020 Henry Danger
83%
2004-2007 Drake & Josh
81%
2005-2008 Zoey 101
79%
2013-2014 Sam & Cat
77%
2013-2018 The Thundermans
71%
1996-2000 Kenan & Kel
54%
2009-2013 Big Time Rush
50%
2015-2019 Game Shakers
50%
2020-2024 Danger Force
38%
2014-2018 Nicky, Ricky, Dicky, & Dawn
37%
2016-2018 School of Rock
33%
2004-2007 Ned's Declassified School Survival Guide
31%
2015-2016 Bella and the Bulldogs
29%
2013-2015 The Haunted Hathaways
29%
2008-2011 True Jackson, VP
23%
2004-2007 Unfabulous
23%
2012 How to Rock
17%
2014-2016 100 Things to Do Before High School
15%
2018-2019 Knight Squad
15%
2012-2013 Marvin Marvin
15%
2007-2009 The Naked Brothers Band
15%
2025-present The Thundermans: Undercover
15%
2014-2016 Max & Shred
13%
1991-1994 Clarissa Explains It All
12%
2018-2019 Cousins for Life
12%
2023 Erin & Aaron
12%
1989-1991 Hey Dude
12%
2007-2008 Just Jordan
10%
2003-2006 Romeo!
10%
2011-2013 Supah Ninjas
10%
2015 Talia in the Kitchen
10%
2021-2024 That Girl Lay Lay
10%
2011-2013 Bucket & Skinner's Epic Adventures
8%
2014-2015 Every Witch Way
8%
2001-2002 Taina
8%
1993-1996 The Adventures of Pete & Pete
8%
2000-2003 The Brothers Garcia
8%
2021-2022 Warped!
8%
1991-1996 Welcome Freshmen
8%
2013 Wendell & Vinnie
8%
1998-2001 Cousin Skeeter
6%
1994-1995 My Brother and Me
6%
1991-1992 Salute Your Shorts
6%
2020-2022 Side Hustle
6%
2020-present Tyler Perry's Young Dylan
6%
2015 WITS Academy
6%
1999-2002 100 Deeds for Eddie McDowd
4%
2021 Drama Club
4%
2012-2013 Life with Boys
4%
2006-2009 Mr. Meaty
4%
2018 Star Falls
4%
2016 The Other Kingdom
4%
2016 Legendary Dudas
2%
2000-2001 Noah Knows Best
2%
2022 The Fairly OddParents: Fairly Odder
0%
No matching quizzes found
Score Distribution
Percent of People with Each Score
Percentile by Number Answered
Your Score History
You have not taken this quiz